| 000 | 01348nam a22002777a 4500 | ||
|---|---|---|---|
| 005 | 20260512103603.0 | ||
| 008 | 260512m20212016|||||||| |||| 00| 0 eng d | ||
| 020 | _a9780357113462 | ||
| 040 | _cPK-LaUMT | ||
| 082 |
_a515 _bSTE-C |
||
| 100 | 1 |
_aStewart, James _910104 |
|
| 245 | 1 | 0 |
_aCalculus : _bmetric version / _cJames Stewart, Daniel Clegg and Saleem Watson |
| 250 | _a9th ed. | ||
| 260 |
_aBoston : _bCengage Learning, _c2021 |
||
| 300 | _aVarious paging | ||
| 500 | _aIndex present | ||
| 520 | _a"James Stewart's Calculus, Metric series is the top-seller in the world because of its problem-solving focus, mathematical precision and accuracy, and outstanding examples and problem sets. Selected and mentored by Stewart, Daniel Clegg and Saleem Watson continue his legacy of providing students with the strongest foundation for a STEM future. Their careful refinements retain Stewart's clarity of exposition and make the 9th Edition even more usable as a teaching tool for instructors and as a learning tool for students." -- Provided by publisher | ||
| 546 | _aEng | ||
| 650 | _aCalculus | ||
| 650 |
_aCalculus-Textbooks _911551 |
||
| 650 |
_aMathematical analysis _96924 |
||
| 650 |
_aMathematical analysis-Problems, exercises, etc _911552 |
||
| 700 | 1 |
_aClegg, Daniel _911553 |
|
| 700 | 1 |
_aWatson, Saleem _910106 |
|
| 942 | _cBK | ||
| 999 |
_c140726 _d140726 |
||